Infinite abelian groups

Saved in:
Bibliografiske detaljer
Hovedforfatter: Fuchs, László (Author)
Format: Bog
Sprog:engelsk
Udgivet: Nueva York Academic Press 1970
Serier:Pure and Applied Mathematics
Fag:
Tags: Tilføj Tag
Ingen Tags, Vær først til at tagge denne postø!

MARC

LEADER 00000nam a2200000 a 4500
001 UCQ9586
003 CL-VaPUC
008 990112e19700000US |||||||||||||||||eng|d
082 0 4 |a 512.2  |b FUC  |2 21 
100 0 |a Fuchs, László  |e author  |9 424231 
245 1 0 |a Infinite abelian groups 
300 |a v 
942 |c BK 
945 |d 19990112 00:00:00  |a crobeson 
260 |a Nueva York  |b Academic Press  |c 1970 
650 7 |a GRUPOS ABELIANOS  |2 CL-VaPUC  |9 270300 
650 7 |a GRUPOS  |2 CL-VaPUC  |9 336429 
650 0 |a Teoría de grupos   |9 270028 
650 7 |a HOMOMORFISMO  |2 CL-VaPUC  |9 424232 
650 7 |a ENDOMORFISMO  |2 CL-VaPUC  |9 422252 
583 |a last modification  |c 19990112 00:00:00  |k Rodrigo Vera 
490 0 |a Pure and Applied Mathematics 
999 |c 278582  |d 278580 
952 |0 0  |1 0  |4 0  |6 512_200000000000000_FUC_1970  |7 0  |8 A  |9 317207  |a BIBMAT  |b BIBMAT  |d 2019-11-20  |h v.1  |i 131646K  |o 512.2 FUC 1970  |p 131646K  |r 2025-01-07  |w 2019-11-20  |y BK  |k MAT